El niño difícil

Guardado en:
Detalles Bibliográficos
Autor principal: Garafulic D., Juan (Autor)
Formato: Libro
Lenguaje:español
Publicado: Santiago Escuela Especial de Desarrollo 1944
Materias:
Etiquetas: Agregar Etiqueta
Sin Etiquetas, Sea el primero en etiquetar este registro!

MARC

LEADER 00000nam a2200000 a 4500
001 UCZ4403
003 CL-VaPUC
008 951109e19440000CL |||||||||||||||||spa|d
082 0 4 |a 155.418  |b GAR  |2 21 
100 |a Garafulic D., Juan  |e author  |9 348432 
245 1 3 |a El niño difícil 
300 |a 40 p 
942 |c BK 
945 |d 19951109 00:00:00  |a rleighto 
260 |a Santiago  |b Escuela Especial de Desarrollo  |c 1944 
650 0 |a Psicología del niño  |9 307305 
650 0 |a Deficiencia mental  |9 334734 
650 0 |a Problemas sociales  |9 258537 
650 0 |a Psicología   |9 257863 
650 0 |a Comportamiento   |9 308406 
650 0 |a Desarrollo mental   |9 313003 
650 7 |a INFANCIA  |2 CL-VaPUC  |9 348433 
583 |a last modification  |c 19951109 00:00:00  |k Rodrigo Vera 
999 |c 240795  |d 240793 
952 |0 0  |1 0  |4 0  |6 155_418000000000000_GAR_1944  |7 0  |8 P  |9 252826  |a BIBEDU  |b BIBEDU  |c BIBEDU_PB  |d 2019-11-18  |i 3146995  |o 155.418 GAR 1944  |p 3146995  |r 2024-01-25  |w 2019-11-18  |y BK  |k EDU